Most Powerball Winners Quiz Stats

 Plays Quiz Updated Jan 13, 2016

Also try: Las Vegas Casinos
Challenge
Share
Tweet
Embed
Score 0/12 Timer 02:00
0 Plays Today
Number of Winners State % Correct
6California
94.9%
6New York
94%
10Florida
89.1%
16Pennsylvania
68%
6New Jersey
66.5%
11Indiana
62%
6Arizona
61.7%
7South Carolina
52.5%
11Missouri
52.3%
6Iowa
51.1%
7Minnesota
51.1%
8Louisiana
46%

You're not logged in!

Compare scores with friends on all Sporcle quizzes.
Join for Free
OR
Log In

You Might Also Like...

Show Comments

Extras

Top Quizzes Today


Score Distribution

Your Account Isn't Verified!

In order to create a playlist on Sporcle, you need to verify the email address you used during registration. Go to your Sporcle Settings to finish the process.

Report this User

Report this user for behavior that violates our Community Guidelines.

Details: